[Event "Knightworm78 team tourney"]
[Site "SchemingMind.com"]
[Date "2014.12.08"]
[Round "-"]
[White "spoke"]
[Black "James Reed"]
[Result "1-0"]
[WhiteCountry "GER"]
[BlackCountry "ENG"]
[WhiteElo "1803"]
[WhiteRD "68"]
[BlackElo "1374"]
[BlackRD "69"]
[GameID "370857"]

1. e4 e5 2. Nf3 Nc6 3. Bc4 Nf6 4. Ng5 d5 5. exd5 Nd4 6. c3 b5 7. Bf1 Nxd5 8. Ne4 h6 9. cxd4 exd4 10. Bxb5+ Bd7
11. Bxd7+ Qxd7 12. O-O Qe6 13. Re1 Be7 14. Qa4+ c6 15. Qxd4 O-O 16. Kf1 Rfc8 17. Nbc3 Nxc3 18. dxc3 Rd8 19. Qe3 Qc4+ 20. Qe2 Qxe2+
21. Rxe2 a6 22. Be3 a5 23. Bc5 Bxc5 24. Nxc5 Kf8 25. Ke1 Rd5 26. Ne4 Rad8 27. Rd2 Ke7 28. Rad1 f5 29. Rxd5 cxd5 30. Nc5 Kf6
31. Nb7 Rb8 32. Nxa5 Rxb2 33. Rd2 Rb1+ 34. Ke2 Rb5 35. Nb3 Rb8 36. Rxd5 g6 37. c4 Ra8 38. Rd2 Rc8 39. c5 Ke5 40. a4 g5
41. a5 Rb8 42. Rd3 h5 43. a6 Ra8 44. Rd6 f4 45. Nd4 h4 46. Nb5 Rc8 47. a7 g4 48. Nc7 Rxc7 49. a8=Q Rxc5 50. Rd7 Rc2+
51. Kd3 Rxf2 52. Qe8+ Kf5 53. Rf7+ Kg6 54. Qe6+ Kg5 55. Rf5#
1-0

[Event "Knightworm78 team tourney"]
[Site "SchemingMind.com"]
[Date "2014.12.08"]
[Round "-"]
[White "James Reed"]
[Black "spoke"]
[Result "0-1"]
[WhiteCountry "ENG"]
[BlackCountry "GER"]
[WhiteElo "1301"]
[WhiteRD "70"]
[BlackElo "1811"]
[BlackRD "66"]
[GameID "370858"]

1. e4 e5 2. Nf3 Nc6 3. Bc4 Nf6 4. d4 exd4 5. e5 d5 6. Bb5 Ne4 7. Nxd4 Bc5 8. Be3 Bxd4 9. Bxd4 Bd7 10. O-O O-O
11. Nd2 Nxd4 12. Bxd7 Qxd7 13. Nxe4 dxe4 14. Re1 Rad8 15. Rxe4 Ne6 16. Re1 Qc6 17. Qe2 Nd4 18. Qe4 Qxe4 19. Rxe4 Nxc2 20. Rc1 c6
21. h3 Nd4 22. Ree1 Ne6 23. b3 Rd2 24. a4 Rfd8 25. Rb1 Rc2 26. Rbc1 Rdd2 27. Rxc2 Rxc2 28. f3 Rb2 29. Re3 Nf4 30. Kh2 Rxg2+
31. Kh1 Re2 32. Rc3 Rxe5 33. Rc1 Rh5 34. Rd1 Rxh3+ 35. Kg1 g6 36. Rd7 Rxf3 37. Rxb7 h5 38. Rxa7 Rxb3 39. a5 Ra3 40. Kf2 c5
41. Ke1 Ra2 42. a6 h4 43. Ra8+ Kg7 44. a7 h3 45. Kf1 h2
0-1

[Event "Knightworm78 team tourney"]
[Site "SchemingMind.com"]
[Date "2014.12.08"]
[Round "-"]
[White "capablanca"]
[Black "James Reed"]
[Result "1-0"]
[WhiteCountry "GER"]
[BlackCountry "ENG"]
[WhiteElo "1687"]
[WhiteRD "63"]
[BlackElo "1374"]
[BlackRD "69"]
[GameID "370859"]

1. d4 Nf6 2. c4 d5 3. cxd5 Nxd5 4. Nf3 Nc6 5. e3 Bg4 6. Be2 e6 7. O-O Be7 8. a3 h6 9. Bd2 O-O 10. b4 a6
11. h3 Bh5 12. Nh2 Bxe2 13. Qxe2 Bg5 14. Nf3 Re8 15. Nxg5 hxg5 16. Nc3 Nxc3 17. Bxc3 f6 18. Rfd1 Qe7 19. d5 Na7 20. dxe6 Qxe6
21. a4 Nc6 22. Rd3 b6 23. Qa2 Qxa2 24. Rxa2 Ne5 25. Bxe5 Rxe5 26. Rad2 Ree8 27. Rd7 c5 28. bxc5 bxc5 29. Rc7 Rec8 30. Rdd7 c4
31. Rxg7+ Kf8 32. Rcf7+ Ke8 33. Rb7 c3 34. Rg8#
1-0

[Event "Knightworm78 team tourney"]
[Site "SchemingMind.com"]
[Date "2014.12.08"]
[Round "-"]
[White "James Reed"]
[Black "capablanca"]
[Result "1/2-1/2"]
[WhiteCountry "ENG"]
[BlackCountry "GER"]
[WhiteElo "1374"]
[WhiteRD "69"]
[BlackElo "1687"]
[BlackRD "63"]
[GameID "370860"]

1. e4 c5 2. Nf3 d6 3. d4 cxd4 4. Nxd4 Nf6 5. Nc3 g6 6. Be3 Bg7 7. Bc4 O-O 8. h3 Bd7 9. O-O Nc6 10. a3 e5
11. Nf3 a6 12. Re1 Qc7 13. Qd2 b5 14. Nd5 Nxd5 15. Bxd5 Rac8 16. Rac1 Ne7 17. Bb3 Rfd8 18. Bg5 Re8 19. c3 h6 20. Be3 Be6
21. Bxe6 fxe6 22. b3 Kh7 23. b4 d5 24. exd5 exd5 25. Bc5 Qb8 26. Qe2 Nc6 27. Be3 d4 28. Bd2 e4 29. Nxd4 Nxd4 30. cxd4 Bxd4
31. Be3 Bxe3 32. Qxe3 Rxc1 33. Rxc1 Qd6 34. Qe1 Re6 35. Rd1 Qc6 36. Rc1 Qb6 37. Qd1 Rd6 38. Qe2 Re6 39. Rc5 Qd6 40. Qc2 e3
41. fxe3 Rxe3 42. Rc7+ Re7=
1/2-1/2

[Event "Knightworm78 team tourney"]
[Site "SchemingMind.com"]
[Date "2014.12.08"]
[Round "-"]
[White "kenneth m day"]
[Black "James Reed"]
[Result "1-0"]
[WhiteCountry "USA"]
[BlackCountry "ENG"]
[WhiteElo "1691"]
[WhiteRD "48"]
[BlackElo "1301"]
[BlackRD "70"]
[GameID "370861"]

1. e4 c5 2. d4 cxd4 3. c3 dxc3 4. Nxc3 Nc6 5. Bc4 e6 6. Nf3 d6 7. O-O Nf6 8. Qe2 h6 9. Rd1 a6 10. Bf4 b5
11. Bb3 Be7 12. e5 Ng4 13. exd6 Bf6 14. Bd5 Nb4 15. Bxa8 Bd7 16. Be4 O-O 17. a3 Nc6 18. h3 Nge5 19. Rac1 Nxf3+ 20. Qxf3 Re8
21. Bxc6 Qc8 22. Bxd7 Qxd7 23. Ne4 Bxb2 24. Rc7 Qd8 25. Qg4 Bxa3 26. d7 Re7 27. Rc8
1-0

[Event "Knightworm78 team tourney"]
[Site "SchemingMind.com"]
[Date "2014.12.09"]
[Round "-"]
[White "James Reed"]
[Black "kenneth m day"]
[Result "0-1"]
[WhiteCountry "ENG"]
[BlackCountry "USA"]
[WhiteElo "1301"]
[WhiteRD "70"]
[BlackElo "1691"]
[BlackRD "48"]
[GameID "370862"]

1. e4 e5 2. Nf3 Nc6 3. Bb5 a6 4. Ba4 Nf6 5. Qe2 Be7 6. Nc3 b5 7. Bb3 O-O 8. h3 Bb7 9. a3 Re8 10. O-O Nd4
11. Qe3 Bc5 12. Nxd4 exd4 13. Qe2 dxc3 14. dxc3 Rxe4 15. Qd2 Qe7 16. c4 Re8 17. cxb5 Re2 18. Qc3 Ne4 19. Qd3 Nxf2 20. Qg3 Ne4+
21. Kh2 Nxg3 22. Kxg3 Bd6+
0-1

[Event "Knightworm78 team tourney"]
[Site "SchemingMind.com"]
[Date "2014.12.08"]
[Round "-"]
[White "ray winteringham"]
[Black "James Reed"]
[Result "1-0"]
[WhiteCountry "ENG"]
[BlackCountry "ENG"]
[WhiteElo "1478"]
[WhiteRD "50"]
[BlackElo "1301"]
[BlackRD "70"]
[GameID "370863"]

1. e4 e5 2. Nf3 Nc6 3. Bb5 a6 4. Ba4 Nf6 5. d3 h6 6. Be3 b5 7. Bb3 Bd6 8. Nc3 O-O 9. O-O Bb7 10. h3 Qe7
11. a3 Rfe8 12. Nh4 Na5 13. Nf5 Qe6 14. Bxe6 dxe6 15. Nxd6 cxd6 16. Ne2 Nc6 17. f4 Rac8 18. b3 a5 19. f5 Ba6 20. fxe6 Rxe6
21. Ng3 Ree8 22. Nf5 b4 23. Nxd6
1-0

[Event "Knightworm78 team tourney"]
[Site "SchemingMind.com"]
[Date "2014.12.08"]
[Round "-"]
[White "James Reed"]
[Black "ray winteringham"]
[Result "0-1"]
[WhiteCountry "ENG"]
[BlackCountry "ENG"]
[WhiteElo "1374"]
[WhiteRD "69"]
[BlackElo "1486"]
[BlackRD "52"]
[GameID "370864"]

1. e4 e5 2. Nf3 Bc5 3. Nc3 Nc6 4. Bc4 h6 5. O-O Nf6 6. a3 d6 7. d3 Bg4 8. h3 Bh5 9. Re1 O-O 10. b4 Bb6
11. Nd5 Nd4 12. Nxb6 axb6 13. Be3 Nxf3+ 14. gxf3 Nh7 15. Bd5 Qc8 16. Kh2 Kh8 17. Rg1 f6 18. Rg3 c6 19. Bb3 g5 20. Bxb6 f5
21. exf5 Qxf5 22. Qe2 Bxf3 23. Rxf3 Qxf3 24. Qxf3 Rxf3 25. Kg2 Raf8 26. Rf1 h5 27. Be6 R3f6 28. Bd7 Rg8 29. Bc7 Rf7 30. Bxd6 Rxd7
31. Bxe5+ Rgg7 32. Bxg7+ Kxg7 33. Re1 Nf6 34. f3 Nd5 35. Re5 Kg6 36. Kg3 h4+ 37. Kh2 Rf7 38. Kg2 Nf4+ 39. Kh2 Nh5 40. c4 Rxf3
41. d4 Nf4 42. Re7 Rxh3+ 43. Kg1 Rxa3 44. Rxb7 Ne2+ 45. Kf2 Nxd4 46. Rb6 Ra2+ 47. Ke3 Nf5+ 48. Ke4 h3 49. Rxc6+ Kf7 50. Kxf5 Rf2+
51. Kxg5 Rg2+ 52. Kh4 h2 53. Rc7+ Ke6 54. b5 h1=Q#
0-1

[Event "Knightworm78 team tourney"]
[Site "SchemingMind.com"]
[Date "2014.12.08"]
[Round "-"]
[White "James Reed"]
[Black "Chessibelle"]
[Result "0-1"]
[WhiteCountry "ENG"]
[BlackCountry "ENG"]
[WhiteElo "1301"]
[WhiteRD "70"]
[BlackElo "1238"]
[BlackRD "57"]
[GameID "370865"]

1. e4 e5 2. Nf3 Nc6 3. Bb5 Nge7 4. Nc3 d6 5. h3 Bd7 6. d3 g6 7. O-O Ng8 8. Bg5 Be7 9. Bxe7 Qxe7 10. a3 Nf6
11. Re1 O-O 12. Nd5 Qd8 13. Nxf6+ Qxf6 14. Qe2 Be6 15. c3 Bd7 16. b3 a6 17. Bc4 b5 18. Bd5 Rab8 19. b4 Nd8 20. d4 c6
21. Bb3 Qe7 22. Qe3 Kg7 23. Qg5 f6 24. Qe3 Bc8 25. dxe5 dxe5 26. Qc5 Qe8 27. Qd6 Rb7 28. Qd2 Rd7 29. Qe2 Ne6 30. Qe3 Rh8
31. Bxe6 Qxe6 32. Nd2 g5 33. a4 h6 34. axb5 cxb5 35. Rab1 h5 36. Nb3 Rdd8 37. Nc5 Qe8 38. Ra1 Qf7 39. Nxa6 f5 40. Qxg5+ Kh7
41. Qe3 f4 42. Qc5 Rhg8 43. Qxb5 Qg6 44. Kf1 Qxg2+ 45. Ke2 Qxh3 46. Rh1 Bg4+ 47. Ke1 Qxh1+ 48. Qf1 Qxe4+ 49. Qe2 Qxe2#
0-1

[Event "Knightworm78 team tourney"]
[Site "SchemingMind.com"]
[Date "2014.12.08"]
[Round "-"]
[White "Chessibelle"]
[Black "James Reed"]
[Result "0-1"]
[WhiteCountry "ENG"]
[BlackCountry "ENG"]
[WhiteElo "1212"]
[WhiteRD "55"]
[BlackElo "1351"]
[BlackRD "75"]
[GameID "370866"]

1. Nf3 Nf6 2. d4 d5 3. Nc3 g6 4. g3 Bg4 5. e3 a6 6. a3 Nc6 7. Bd3 e6 8. O-O Bd6 9. e4 Nxd4 10. Na4 Bxf3
11. Qd2 Qd7 12. b3 O-O 13. Qh6 Ne2+ 14. Bxe2 Bxe2 15. Bg5 Be5 16. f4 Bxa1 17. Rxa1 Nxe4 18. Bh4 b6 19. Re1 Bb5 20. Nb2 Qd6
21. Nd1 e5 22. f5 gxf5 23. Qe3 Qxa3 24. Qf3 Bd7 25. Ne3 f4 26. gxf4 Qd6 27. Kf1 Nd2+
0-1

[Event "Knightworm78 team tourney"]
[Site "SchemingMind.com"]
[Date "2014.12.08"]
[Round "-"]
[White "James Reed"]
[Black "wight knight"]
[Result "1-0"]
[WhiteCountry "ENG"]
[BlackCountry "ENG"]
[WhiteElo "1301"]
[WhiteRD "70"]
[BlackElo "1389"]
[BlackRD "59"]
[GameID "370867"]

1. e4 e5 2. Nf3 f6 3. Nc3 c6 4. a3 d6 5. h3 Nd7 6. Bc4 b5 7. Bxg8 Rxg8 8. d3 g5 9. Be3 Ba6 10. O-O Bh6
11. Re1 Nc5 12. b3 Ne6 13. Qe2 g4 14. Bxh6 gxf3 15. Qxf3 Rg6 16. Be3 Qe7 17. Ne2 Ng5 18. Bxg5 Rxg5 19. b4 O-O-O 20. Ng3 d5
21. Nf5 Qf8 22. c3 dxe4 23. Qxe4 Bb7 24. Ne3 c5 25. Qxh7 Rxd3 26. Qxd3 a6 27. Red1 cxb4 28. cxb4 Qg8 29. Rac1+ Kb8 30. Qd6+ Ka7
31. Qxf6 Bxg2 32. Nxg2 Rxg2+ 33. Kf1 Rh2 34. Qe7+ Kb8 35. Rd8+ Qxd8 36. Qxd8+ Kb7 37. Rc7+ Kb6 38. Qd6#
1-0

[Event "Knightworm78 team tourney"]
[Site "SchemingMind.com"]
[Date "2014.12.08"]
[Round "-"]
[White "wight knight"]
[Black "James Reed"]
[Result "0-1"]
[WhiteCountry "ENG"]
[BlackCountry "ENG"]
[WhiteElo "1389"]
[WhiteRD "59"]
[BlackElo "1301"]
[BlackRD "70"]
[GameID "370868"]

1. e4 e5 2. Bc4 Bc5 3. d3 Nf6 4. f3 Nc6 5. c3 h6 6. h4 O-O 7. b4 Qe7 8. bxc5 Qxc5 9. Nh3 a6 10. Qd2 d5
11. exd5 Ne7 12. Ba3 Qb6 13. Bxe7 Re8 14. Bxf6 Qxf6 15. Nf2 Bd7 16. Ng4 Bxg4 17. fxg4 e4 18. Kd1 e3 19. Qb2 e2+ 20. Ke1 Qf4
21. Nd2 Qg3#
0-1

[Event "Knightworm78 team tourney"]
[Site "SchemingMind.com"]
[Date "2014.12.09"]
[Round "-"]
[White "spoke"]
[Black "eun77"]
[Result "1-0"]
[WhiteCountry "GER"]
[BlackCountry "ISR"]
[WhiteElo "1803"]
[WhiteRD "68"]
[BlackElo "1409"]
[BlackRD "60"]
[GameID "370913"]

1. g4 d5 2. Bg2 e6 3. c4 h6 4. cxd5 exd5 5. Qa4+ c6 6. Nc3 b5 7. Nxb5 Ne7 8. Nd4 Bd7 9. Qc2 Bxg4 10. b3 Ng6
11. h3 Bd7 12. Ngf3 Bc5 13. Qxc5 Qe7 14. Qxe7+ Nxe7 15. Ba3 Na6 16. Bxe7 Kxe7 17. Ne5 Rhd8 18. Nexc6+ Ke8 19. Nxd8 Kxd8 20. Bxd5 Rb8
21. Rg1 g5 22. Rc1 f6 23. Nc6+ Bxc6 24. Bxc6 Nb4 25. a3 Nxc6 26. Rxc6 Rxb3 27. f3 Rxa3 28. Rxf6 a5 29. Rxh6 Ra1+ 30. Kf2 Rxg1
31. Kxg1 Kc7 32. Ra6 Kb7 33. Rxa5
1-0

[Event "Knightworm78 team tourney"]
[Site "SchemingMind.com"]
[Date "2014.12.09"]
[Round "-"]
[White "eun77"]
[Black "spoke"]
[Result "0-1"]
[WhiteCountry "ISR"]
[BlackCountry "GER"]
[WhiteElo "1409"]
[WhiteRD "60"]
[BlackElo "1803"]
[BlackRD "68"]
[GameID "370914"]

1. e4 e5 2. Nf3 Nc6 3. d3 d5 4. Be2 Nf6 5. h3 dxe4 6. dxe4 Qxd1+ 7. Bxd1 Nxe4 8. O-O Bc5 9. Be3 Bxe3 10. fxe3 O-O
11. c3 Be6 12. Kh2 Rad8 13. Bc2 Nf6 14. Bb3 Bxb3 15. axb3 Rd3 16. Na3 a6 17. Rfe1 e4 18. Nd4 Nxd4 19. cxd4 Rxb3 20. Re2 b5
21. Rc1 Nd5 22. Nb1 f5 23. Rcc2 Rc8 24. Nd2 Rxe3 25. Rxe3 Nxe3 26. Rc6 a5 27. Nb3 a4 28. Nc5 Nd5 29. Ne6 f4 30. Kg1 e3
31. Kf1 h6 32. Ke2 Kf7 33. Nc5 Nb6 34. Na6 Nc4 35. Rxc7+ Rxc7 36. Nxc7 b4 37. Na6 a3 38. bxa3 b3 39. Nc5 b2 40. Nd3 b1=Q
41. Nxf4 Qc2+ 42. Kf3 Qf2+ 43. Ke4 g5 44. Nd3 Qxg2+ 45. Kf5 Qf3+
0-1

[Event "Knightworm78 team tourney"]
[Site "SchemingMind.com"]
[Date "2014.12.09"]
[Round "-"]
[White "capablanca"]
[Black "eun77"]
[Result "1-0"]
[WhiteCountry "GER"]
[BlackCountry "ISR"]
[WhiteElo "1734"]
[WhiteRD "65"]
[BlackElo "1264"]
[BlackRD "56"]
[GameID "370915"]

1. e4 e5 2. Nf3 d6 3. d4 Be7 4. dxe5 dxe5 5. Nxe5 Qxd1+ 6. Kxd1 Nf6 7. f3 O-O 8. Bc4 Be6 9. Bxe6 fxe6 10. Ke2 Nbd7
11. Nxd7 Nxd7 12. Be3 b6 13. Nd2 Bc5 14. Bxc5 Nxc5 15. Nc4 Rad8 16. Rad1 Nb7 17. Rxd8 Rxd8 18. Ne5 a5 19. Rd1 Rxd1 20. Kxd1 Kf8
21. Kd2 Nd8 22. Kd3 Ke7 23. a4 Kf6 24. f4 Ke7 25. c3 Nb7 26. b4 axb4 27. cxb4 g6 28. a5 bxa5 29. Nc6+ Kd7 30. Nxa5
1-0

[Event "Knightworm78 team tourney"]
[Site "SchemingMind.com"]
[Date "2014.12.09"]
[Round "-"]
[White "eun77"]
[Black "capablanca"]
[Result "0-1"]
[WhiteCountry "ISR"]
[BlackCountry "GER"]
[WhiteElo "1264"]
[WhiteRD "56"]
[BlackElo "1734"]
[BlackRD "65"]
[GameID "370916"]

1. e4 e5 2. Nf3 Nc6 3. d3 Bc5 4. Be2 d6 5. h3 Nf6 6. O-O h6 7. Nh2 Be6 8. b3 O-O 9. Bg4 Nxg4 10. Nxg4 Qd7
11. Be3 Bb6 12. Bxb6 axb6 13. Nd2 Nd4 14. Nh2 f5 15. Ndf3 Nxf3+ 16. Nxf3 f4 17. a4 Rf6 18. Nh2 Rg6 19. Kh1 Rf8 20. f3 Rg3
21. Rf2 Rf6 22. Ra2 Rfg6 23. c3 Bxh3 24. Qe1 Be6 25. c4 h5 26. Nf1 R3g5 27. Nh2 h4 28. Qf1 h3 29. Rab2 hxg2+ 30. Rxg2 Rxg2
31. Rxg2 Bh3 32. Ng4 Bxg2+
0-1

[Event "Knightworm78 team tourney"]
[Site "SchemingMind.com"]
[Date "2014.12.09"]
[Round "-"]
[White "kenneth m day"]
[Black "eun77"]
[Result "1-0"]
[WhiteCountry "USA"]
[BlackCountry "ISR"]
[WhiteElo "1730"]
[WhiteRD "50"]
[BlackElo "1293"]
[BlackRD "54"]
[GameID "370917"]

1. e4 e5 2. f4 exf4 3. Nf3 d6 4. d4 Be7 5. Bxf4 h6 6. Bc4 Nf6 7. Nc3 O-O 8. Qd2 c6 9. O-O-O Nh7 10. h3 Bg5
11. Nxg5 Nxg5 12. h4 Ne6 13. g4 Nxf4 14. Qxf4 Be6 15. Bd3 f6 16. Rdg1 g6 17. Qxh6
1-0

[Event "Knightworm78 team tourney"]
[Site "SchemingMind.com"]
[Date "2014.12.10"]
[Round "-"]
[White "eun77"]
[Black "kenneth m day"]
[Result "0-1"]
[WhiteCountry "ISR"]
[BlackCountry "USA"]
[WhiteElo "1293"]
[WhiteRD "54"]
[BlackElo "1730"]
[BlackRD "50"]
[GameID "370918"]

1. c4 Nf6 2. d3 g6 3. e4 d6 4. h3 Bg7 5. Nf3 O-O 6. Be2 Nc6 7. O-O Bd7 8. Nh2 Nd4 9. Nc3 c5 10. Nf3 a6
11. Nxd4 cxd4 12. Nb1 Rb8 13. Nd2 b5 14. Rb1 bxc4 15. dxc4 Bc6 16. Bd3 Nh5 17. Nf3 Qd7 18. Nxd4 Bxd4 19. Be3 Be5 20. b3 Qe6
0-1

[Event "Knightworm78 team tourney"]
[Site "SchemingMind.com"]
[Date "2014.12.09"]
[Round "-"]
[White "eun77"]
[Black "ray winteringham"]
[Result "1-0"]
[WhiteCountry "ISR"]
[BlackCountry "ENG"]
[WhiteElo "1293"]
[WhiteRD "54"]
[BlackElo "1540"]
[BlackRD "50"]
[GameID "370919"]

1. Nf3 d5 2. h3 Bf5 3. e3 e6 4. Be2 Bd6 5. O-O Nf6 6. Nh2 c6 7. f4 c5 8. c4 O-O 9. Bg4 Bg6 10. cxd5 exd5
11. Bf3 Nc6 12. Nc3 Be4 13. Bxe4 Nxe4 14. Nxe4 dxe4 15. Rb1 f5 16. b3 b5 17. a3 a5 18. a4 b4 19. Rf2 Ne7 20. Nf1 Ng6
21. Rb2 Nh4 22. Nh2 h6 23. Qe1 g5 24. Qe2 Kg7 25. g3 Ng6 26. Rc2 Rh8 27. Bb2+ Kh7 28. Bxh8 Kxh8 29. Rc4 Kg7 30. Kf1 Qf6
31. Qd1 gxf4 32. gxf4 Qb2 33. d3 exd3 34. Rxb2
1-0

[Event "Knightworm78 team tourney"]
[Site "SchemingMind.com"]
[Date "2014.12.09"]
[Round "-"]
[White "ray winteringham"]
[Black "eun77"]
[Result "1-0"]
[WhiteCountry "ENG"]
[BlackCountry "ISR"]
[WhiteElo "1540"]
[WhiteRD "50"]
[BlackElo "1293"]
[BlackRD "54"]
[GameID "370920"]

1. e4 e5 2. Nf3 d6 3. Bc4 h6 4. O-O Nf6 5. d3 Be7 6. h3 O-O 7. Be3 Be6 8. Nbd2 Bxc4 9. Nxc4 Nh7 10. c3 c6
11. b4 b5 12. Ncd2 Nd7 13. a4 a6 14. a5 Bg5 15. Qe2 Bxe3 16. Qxe3 Ng5 17. Nxg5 Qxg5 18. Qxg5 hxg5 19. g4 Nf6 20. c4 bxc4
21. Nxc4 Rfd8 22. Rac1 Kf8 23. Nb6 Rab8 24. Rxc6 Rb7 25. Rfc1 Re7 26. Rc8 Rxc8 27. Nxc8 Rd7 28. Rc6 Ne8 29. Rxa6 f6 30. Ra8 Kf7
31. Nb6 Rc7 32. Nd5 Rd7 33. b5 Rb7 34. b6 f5 35. Ra7
1-0

[Event "Knightworm78 team tourney"]
[Site "SchemingMind.com"]
[Date "2014.12.09"]
[Round "-"]
[White "eun77"]
[Black "James Reed"]
[Result "0-1"]
[WhiteCountry "ISR"]
[BlackCountry "ENG"]
[WhiteElo "1293"]
[WhiteRD "54"]
[BlackElo "1400"]
[BlackRD "71"]
[GameID "370921"]

1. Nf3 Nf6 2. d4 d5 3. h3 Nc6 4. e3 h6 5. Bb5 Bd7 6. Bxc6 Bxc6 7. O-O e6 8. Nh2 Bd6 9. b3 O-O 10. f4 Re8
11. Ba3 Bxa3 12. Nxa3 a6 13. c3 Ne4 14. Qe1 Qd6 15. Rd1 b5 16. b4 Bd7 17. Nb1 a5 18. bxa5 Qa6 19. Rc1 Qxa5 20. a3 c6
21. Nf3 c5 22. Nfd2 c4 23. Nxe4 dxe4 24. Rf2 Qc7 25. Ra2 Bc6 26. Rcc2 Qd6 27. Qc1 Bb7 28. Rcb2 Ba6
0-1

[Event "Knightworm78 team tourney"]
[Site "SchemingMind.com"]
[Date "2014.12.09"]
[Round "-"]
[White "James Reed"]
[Black "eun77"]
[Result "1-0"]
[WhiteCountry "ENG"]
[BlackCountry "ISR"]
[WhiteElo "1387"]
[WhiteRD "71"]
[BlackElo "1264"]
[BlackRD "56"]
[GameID "370922"]

1. e4 e5 2. Nf3 d6 3. d4 Be7 4. Nc3 Nf6 5. h3 h6 6. Bc4 O-O 7. dxe5 dxe5 8. Qxd8 Rxd8 9. O-O c6 10. a3 Be6
11. Bxe6 fxe6 12. Nxe5 Nbd7 13. Ng6 Re8 14. Nxe7+ Rxe7 15. Bf4 Nc5 16. Rfe1 Rf8 17. Bd6 Rd7 18. Bxf8 Kxf8 19. e5 Nh7 20. b4 Na6
21. b5 cxb5 22. Nxb5 b6 23. Rad1 Re7 24. f4 Nc5 25. g3 a6 26. Nd6 Nb7 27. c3 Nc5 28. Rb1 Nd7 29. Nc8 Re8 30. Nxb6 Nxb6
31. Rxb6 Kf7 32. Rxa6 Nf8 33. Ra7+ Kg8 34. c4 Rc8 35. Rd1 g5 36. fxg5 hxg5 37. Rc1 Ng6 38. Ra5 Ne7 39. Ra6 Kf7 40. Ra7 Ke8
41. h4 gxh4 42. gxh4 Kf7 43. Kh2 Re8 44. c5 Kf8 45. h5
1-0

[Event "Knightworm78 team tourney"]
[Site "SchemingMind.com"]
[Date "2014.12.09"]
[Round "-"]
[White "eun77"]
[Black "Chessibelle"]
[Result "0-1"]
[WhiteCountry "ISR"]
[BlackCountry "ENG"]
[WhiteElo "1293"]
[WhiteRD "54"]
[BlackElo "1199"]
[BlackRD "57"]
[GameID "370923"]

1. d4 d5 2. e3 Nf6 3. h3 e6 4. Nf3 Nc6 5. Bb5 Bd7 6. Bxc6 Bxc6 7. O-O Be7 8. Nh2 Qd6 9. f4 Bb5 10. Re1 h6
11. g4 g5 12. a4 Ba6 13. b3 Ne4 14. Qf3 Qb4 15. Qd1 Qb6 16. Bb2 c5 17. Nc3 Nf6 18. Ba3 Qc7 19. Ne2 Ne4 20. Bxc5 Bd8
21. Ba3 f6 22. Rf1 Nc3 23. Nxc3 Qg7 24. b4 b6 25. b5 Bc8 26. fxg5 Qxg5 27. Bc1 Qh4 28. Qf3 Bc7 29. Bd2 Qg5 30. Qxf6 Qg8
31. Qh4 Kd7 32. Ne2 Bd8
0-1

[Event "Knightworm78 team tourney"]
[Site "SchemingMind.com"]
[Date "2014.12.09"]
[Round "-"]
[White "Chessibelle"]
[Black "eun77"]
[Result "0-1"]
[WhiteCountry "ENG"]
[BlackCountry "ISR"]
[WhiteElo "1199"]
[WhiteRD "57"]
[BlackElo "1293"]
[BlackRD "54"]
[GameID "370924"]

1. Nf3 d5 2. d4 e6 3. e3 Nf6 4. Nc3 Be7 5. Bb5+ Bd7 6. Bd3 O-O 7. O-O h6 8. e4 dxe4 9. Nxe4 Nxe4 10. Bxe4 Bc6
11. Qd3 Bxe4 12. Qxe4 c6 13. h3 Nd7 14. Qg4 Kh7 15. Ne5 Nxe5 16. dxe5 Bg5 17. f4 Be7 18. c4 f5 19. Qf3 Bc5+ 20. Kh2 Qc7
21. Bd2 Rad8 22. Bc3 Bd4 23. Bb4 Rf7 24. g4 c5 25. Bc3 Bxc3 26. bxc3 Qc6 27. Qg3 Rd2+ 28. Rf2 Rxf2+ 29. Qxf2 fxg4 30. hxg4 Qe4
31. Rg1 Rxf4 32. Qh4 Rf2+ 33. Qxf2 Qxe5+ 34. Kh3 Qxc3+ 35. Kh2 Qxc4 36. Kh3 b5 37. Rd1 Qc3+ 38. Kh4 g5+
0-1

[Event "Knightworm78 team tourney"]
[Site "SchemingMind.com"]
[Date "2014.12.09"]
[Round "-"]
[White "eun77"]
[Black "wight knight"]
[Result "0-1"]
[WhiteCountry "ISR"]
[BlackCountry "ENG"]
[WhiteElo "1293"]
[WhiteRD "54"]
[BlackElo "1419"]
[BlackRD "62"]
[GameID "370925"]

1. Nf3 f6 2. d4 d5 3. h3 Bf5 4. e3 e6 5. Bd3 Bxd3 6. Qxd3 Nc6 7. O-O Nb4 8. Qd1 Ne7 9. a3 Nbc6 10. b4 g6
11. Nh2 a5 12. bxa5 Nxa5 13. Bd2 Nc4 14. Bb4 Nf5 15. Bxf8 Rxf8 16. Nf3 h5 17. Re1 g5 18. Nfd2 Nxd2 19. Nxd2 g4 20. hxg4 hxg4
21. Qxg4 Qd6 22. f4 O-O-O 23. Qf3 Nxd4 24. Qd1 Nf5 25. Re2 Rh8 26. Kf2 e5 27. fxe5 fxe5 28. Re1 e4 29. Qg4 Rdf8 30. Ke2 Rh4
31. Qg5 Qg3 32. Qxg3 Nxg3+ 33. Kd1 c5 34. c3 Rh2 35. Kc2 Rxg2
0-1

[Event "Knightworm78 team tourney"]
[Site "SchemingMind.com"]
[Date "2014.12.09"]
[Round "-"]
[White "wight knight"]
[Black "eun77"]
[Result "1-0"]
[WhiteCountry "ENG"]
[BlackCountry "ISR"]
[WhiteElo "1419"]
[WhiteRD "62"]
[BlackElo "1293"]
[BlackRD "54"]
[GameID "370926"]

1. e4 e5 2. Bc4 d6 3. d3 h6 4. Nc3 c6 5. Qf3 Qf6 6. Qxf6 Nxf6 7. f3 Be6 8. Bxe6 fxe6 9. b3 Be7 10. Be3 O-O
11. O-O-O Nh7 12. h4 Nd7 13. Rh3 Ndf6 14. Rg3 Kf7 15. Rxg7+ Ke8 16. Bxh6 Rf7 17. Rxf7 Kxf7 18. Nh3 Bf8 19. Ng5+ Kg6 20. Bxf8 Nxf8
21. g4 N6h7 22. Rh1 Nxg5 23. hxg5 Kxg5 24. Ne2 Ng6 25. Rh5+ Kf6 26. g5+ Kg7 27. d4 exd4 28. Nxd4 Re8 29. a4 a5 30. c4 Re7
31. Nc2 e5 32. b4 axb4 33. Nxb4 Nf4 34. Rh6 Ne6 35. Kd2 Nxg5 36. Rxd6
1-0

[Event "Knightworm78 team tourney"]
[Site "SchemingMind.com"]
[Date "2014.12.09"]
[Round "-"]
[White "spoke"]
[Black "Ramesh Panwar"]
[Result "0-1"]
[WhiteCountry "GER"]
[BlackCountry "IND"]
[WhiteElo "1831"]
[WhiteRD "70"]
[BlackElo "2279"]
[BlackRD "51"]
[GameID "371092"]

1. e4 e5 2. Nf3 Nc6 3. Bc4 Nf6 4. Ng5 d5 5. exd5 Na5 6. Bb5+ c6 7. dxc6 bxc6 8. Be2 h6 9. Nf3 e4 10. Ne5 Bc5
11. c3 O-O 12. b4 Qd5 13. d4 exd3 14. Nxd3 Qxg2 15. Rf1 Re8 16. bxa5 Ba6 17. Qc2 Ng4 18. c4 Nxh2 19. Be3 Bxe3 20. fxe3 Nxf1
0-1

[Event "Knightworm78 team tourney"]
[Site "SchemingMind.com"]
[Date "2014.12.09"]
[Round "-"]
[White "Ramesh Panwar"]
[Black "spoke"]
[Result "1-0"]
[WhiteCountry "IND"]
[BlackCountry "GER"]
[WhiteElo "2279"]
[WhiteRD "51"]
[BlackElo "1831"]
[BlackRD "70"]
[GameID "371093"]

1. d4 Nf6 2. c4 g6 3. Nc3 Bg7 4. e4 d6 5. Nf3 O-O 6. Be2 e5 7. O-O Nc6 8. d5 Ne7 9. Bd2 Nh5 10. h3 f5
11. exf5 gxf5 12. Nxe5 dxe5 13. Bxh5 f4 14. Ne4 Bf5 15. Bf3 Ng6 16. Re1 Nh4 17. Bg4 Bxg4 18. hxg4 Ng6 19. f3 Nh8 20. Bb4 Re8
21. d6
1-0

[Event "Knightworm78 team tourney"]
[Site "SchemingMind.com"]
[Date "2014.12.10"]
[Round "-"]
[White "capablanca"]
[Black "Ramesh Panwar"]
[Result "0-1"]
[WhiteCountry "GER"]
[BlackCountry "IND"]
[WhiteElo "1707"]
[WhiteRD "63"]
[BlackElo "2279"]
[BlackRD "51"]
[GameID "371094"]

1. e4 c5 2. Nf3 d6 3. d4 cxd4 4. Nxd4 e5 5. Nf3 Be7 6. Bc4 Nf6 7. Nc3 O-O 8. O-O Be6 9. Bxe6 fxe6 10. Be3 Nc6
11. a3 Ng4 12. Bd2 Qe8 13. h3 Nf6 14. Bg5 Qg6 15. Bxf6 Rxf6 16. Nb5 Raf8 17. Nd2 Qg5 18. Nc4 a6 19. Nbxd6 Rg6 20. Qg4 Qh6
0-1